Chapter 5 Historical overview of lesson study (Record no. 19001)
[ view plain ]
| 000 -LEADER | |
|---|---|
| fixed length control field | 00636nam a2200121Ia 4500 |
| 008 - FIXED-LENGTH DATA ELEMENTS--GENERAL INFORMATION | |
| fixed length control field | 220615s9999||||xx |||||||||||||| ||und|| |
| 100 ## - MAIN ENTRY--PERSONAL NAME | |
| Personal name | Ishii, Terumasa |
| 245 #0 - TITLE STATEMENT | |
| Title | Chapter 5 Historical overview of lesson study |
| 546 ## - LANGUAGE NOTE | |
| Language note | English[eng] |
| 650 ## - SUBJECT ADDED ENTRY--TOPICAL TERM | |
| Topical term or geographic name entry element | Area Studies||Asian Studies||Asian Studies (General)||Asian Education||Japanese Studies||Education||Classroom Practice||Assessment & Testing||Teaching & Learning||Curriculum Studies||Education Policy & Politics||Education Policy||International & Comparative Education |
| 856 ## - ELECTRONIC LOCATION AND ACCESS | |
| Uniform Resource Identifier | <a href="https://library.oapen.org/bitstream/20.500.12657/22359/1/9781138892514_OAChapter5.pdf">https://library.oapen.org/bitstream/20.500.12657/22359/1/9781138892514_OAChapter5.pdf</a> |
| 942 ## - ADDED ENTRY ELEMENTS (KOHA) | |
| Koha item type | E-Books |
| Withdrawn status | Lost status | Damaged status | Not for loan | Home library | Current library | Date acquired | Total Checkouts | Date last seen | Price effective from | Koha item type |
|---|---|---|---|---|---|---|---|---|---|---|
| Kerala University of Digital Sciences, Innovation and Technology Knowledge Centre | Kerala University of Digital Sciences, Innovation and Technology Knowledge Centre | 15/06/2022 | 15/06/2022 | 15/06/2022 | E-Books |